Strafrechtsentwicklung in Europa

I tiakina i:
Ngā taipitopito rārangi puna kōrero
Ngā kaituhi matua: Eser, Albin (Author), Huber, Bárbara (Author)
Hōputu: Pukapuka
Reo:Tiamana
I whakaputaina: Friburgo de Brisgovia Max Plank 1994
Rangatū:Beiträge un Materialien aus dem Max-Planck-Institut für ausländisches und Internationales Strafrecht, Freiburg, S 40-2
Ngā marau:
Ngā Tūtohu: Tāpirihia he Tūtohu
Kāore He Tūtohu, Me noho koe te mea tuatahi ki te tūtohu i tēnei pūkete!

MARC

LEADER 00000nam a2200000 a 4500
001 UCL5573
003 CL-VaPUC
008 040312e19940000GW |||||||||||||||||ger|d
020 |a 3861139936t.4 v.2 
082 0 4 |a 345  |b ESE  |2 21 
100 0 |a Eser, Albin  |e author  |9 483284 
700 0 |a Huber, Bárbara  |e author  |9 483285 
245 1 0 |a Strafrechtsentwicklung in Europa 
246 1 0 |a Landesberichte 1989-1992 über Gesetzgebung, Rechtsprechung und Literatur 
300 |a v 
942 |c BK 
945 |d 20040312 00:00:00  |a cmena 
260 |a Friburgo de Brisgovia  |b Max Plank  |c 1994 
650 7 |a DERECHO PENAL  |2 CL-VaPUC  |9 11 
651 0 |a Europa  |9 255156 
583 |a last modification  |c 20040312 00:00:00  |k Rodrigo Vera 
490 0 |a Beiträge un Materialien aus dem Max-Planck-Institut für ausländisches und Internationales Strafrecht, Freiburg, S 40-2 
999 |c 308082  |d 308080 
952 |0 0  |1 0  |4 0  |6 345_000000000000000_ESE_1994  |7 0  |8 A  |9 374320  |a BIBDER  |b BIBDER  |d 2019-11-21  |h t.4 v.2  |i 3137473  |o 345 ESE 1994  |p 3137473  |r 2023-01-25  |w 2019-11-21  |y BK  |k DER